Najlepsi strzelcy Bundesligi! - Statystyki

Ogólne statystyki
  • Ten quiz został rozwiązany 112 razy
  • Średni wynik to 10 z 50
Statystyki odpowiedzi
Liczba bramek Narodowość Zawodnik % Poprawnych
271 Polska Lewandowski
100%
128 Niemcy Muller
92%
66 Bośnia i Hercegowina Dzeko
63%
98 Gabon Aubameyang
55%
99 Holandia Robben
55%
86 Francja Ribery
51%
187 Peru Pizarro
50%
130 Niemcy Reus
41%
53 Chorwacja Mandzukic
39%
121 Niemcy Klose
38%
170 Niemcy Gomez
34%
52 Niemcy Gnabry
31%
57 Niemcy Gotze
27%
70 Niemcy Podolski
27%
91 Niemcy Werner
22%
69 Bułgaria Berbatov
21%
56 Niemcy Hunt
21%
83 Holandia Huntelaar
21%
70 Niemcy Ballack
20%
61 Czechy Koller
20%
72 Chorwacja Olic
20%
54 Brazylia Elber
19%
144 Niemcy Kiessling
17%
59 Brazylia Grafite
16%
76 Chorwacja Kramaric
15%
127 Bośnia i Hercegowina Ibisevic
13%
67 Turcja Altintop
10%
52 Węgry Szalai
10%
55 Grecja Gekas
9%
78 Holandia Makaay
8%
77 Niemcy Volland
7%
92 Brazylia Ailton
6%
111 Niemcy Kuranyi
6%
63 Francja Modeste
5%
82 Brazylia Raffael
5%
59 Dania Sand
5%
70 Niemcy Stindl
5%
77 Bośnia i Hercegowina Barbarez
4%
88 Niemcy Cacau
4%
84 Niemcy Kruse
4%
93 Niemcy Meier
4%
65 Niemcy Neuville
4%
57 Brazylia Diego
3%
66 Austria Harnik
2%
70 Argentyna Klimowicz
2%
52 Niemcy Max
1%
82 Niemcy Petersen
1%
54 Grecja Amanatidis
0%
57 Niemcy Hanke
0%
77 Brazylia Paraiba
0%
Nie znaleziono quizów pasujących do podanych kryteriów
Rozkład punktacji
Procent ludzi z każdym wynikiem
Percentyl według liczby udzielonych odpowiedzi
Twoja historia wyników
Nie rozwiązałeś tego quizu